000 00435cam a2200181ua 4500
001 5637
008 131007n ii |||gr||||Z||||||asm
040 _cMAIN
082 _a954.162
245 1 1 _aAsam Buranji
_cBy Gunaviram Barua
250 _a3rd Ed.
260 _aGuwahati:
_bAssam Prakashan Parishad,
_c2003.
300 _a170p.
653 _aHistory
653 _aAsam Buranji
700 1 _aBarua,Gunaviran,
_eAuthor.
942 _cBK
999 _c4797
_d4797